Southville International School and Colleges
Your cart is empty.
  • Cart
  • Lists
    Public lists Eva Luna New books Lux_list list_1
    Your lists Log in to create your own lists
  • Log in to your account
  • Your cookies
  • Search history
Southville International School and Colleges
  • Advanced search
  • Recent comments
  • Most popular
  • Libraries

Log in to your account

Log in with GOOGLE


If you do not have an external account, but do have a local account, you can still log in:

  1. Home
  2. MARC view: My "u" book /
Normal view MARC view ISBD view

My "u" book / (Record no. 102674)

[ view plain ]
MARC details
000 -LEADER
fixed length control field 00583nam a2200217 a 4500
003 - CONTROL NUMBER IDENTIFIER
control field 0
005 - DATE AND TIME OF LATEST TRANSACTION
control field 20170425151337.0
008 - FIXED-LENGTH DATA ELEMENTS--GENERAL INFORMATION
fixed length control field 001116s19uu xx 00 eng d
020 ## - INTERNATIONAL STANDARD BOOK NUMBER
International Standard Book Number 0-89565-276-5
050 ## - LIBRARY OF CONGRESS CALL NUMBER
Classification number TR(PS E
Item number M74 1984
100 ## - MAIN ENTRY--PERSONAL NAME
Personal name Moncure, Jane Belk
245 ## - TITLE STATEMENT
Title My "u" book /
Statement of responsibility, etc Jane Belk Moncure ; illustrated by Pam Peltier.
260 ## - PUBLICATION, DISTRIBUTION, ETC. (IMPRINT)
Place of publication, distribution, etc Elgin, Ill :
Name of publisher, distributor, etc World,
Date of publication, distribution, etc 1984.
300 ## - PHYSICAL DESCRIPTION
Extent 31 p. ; ill.
440 ## - SERIES STATEMENT/ADDED ENTRY--TITLE
Title My First Steps to Reading
500 ## - GENERAL NOTE
General note My first steps to reading
650 ## - SUBJECT ADDED ENTRY--TOPICAL TERM
Topical term or geographic name as entry element Reading
650 ## - SUBJECT ADDED ENTRY--TOPICAL TERM
Topical term or geographic name as entry element Alphabet
942 ## - ADDED ENTRY ELEMENTS (KOHA)
Source of classification or shelving scheme Dewey Decimal Classification
Koha item type Books
Holdings
Withdrawn status Lost status Source of classification or shelving scheme Damaged status Home library Current library Shelving location Date acquired Source of acquisition Total Checkouts Full call number Barcode Date last seen Price effective from Koha item type
    Library of Congress Classification   Elizalde Library Elizalde Library Teachers Reference Section 11/16/2000 Donation   TR(PS E M74 1984 E2476 04/12/2014 04/12/2014 Books

My "u" book /

APA

Moncure J. B., . (1984). My "u" book. Elgin, Ill: World.

Chicago

Moncure Jane Belk, . 1984. My "u" book. Elgin, Ill: World.

Harvard

Moncure J. B., . (1984). My "u" book. Elgin, Ill: World.

MLA

Moncure Jane Belk, . My "u" book. Elgin, Ill: World. 1984.

  • Place hold
  • Print
  • Cite
  • Add to your cart (remove)
  • Save record
    BIBTEX Dublin Core MARCXML MARC (non-Unicode/MARC-8) MARC (Unicode/UTF-8) MARC (Unicode/UTF-8, Standard) MODS (XML) RIS
  • More searches
    Search for this title in:
    Other Libraries (WorldCat) Other Databases (Google Scholar) Online Stores (Bookfinder.com) Open Library (openlibrary.org)

Exporting to Dublin Core...

SOUTHVILLE LIBRARY

Southville International School and Colleges Library

1281 Tropical Ave. Cor. Luxembourg St., BF Homes International, Las Pinas City

Tel. No. 8256374 / 252358 Loc. 117/146

Powered by Koha